Normal view
MARC view
- K̲havājah Mu̒īnuddīn Cishtī.
Entry Personal Name
001 - CONTROL NUMBER
- control field: 5334
003 - CONTROL NUMBER IDENTIFIER
- control field: NUST
005 - DATE AND TIME OF LATEST TRANSACTION
- control field: 20171011110858.0
008 - FIXED-LENGTH DATA ELEMENTS
- fixed length control field: 171011|| aca||aabn | a|a d
040 ## - CATALOGING SOURCE
- Original cataloging agency: NUST
- Transcribing agency: NUST
100 ## - HEADING--PERSONAL NAME
- Personal name: K̲havājah Mu̒īnuddīn Cishtī.
670 ## - SOURCE DATA FOUND
- Source citation: Work cat.: (NUST): K̲havājah Mu̒īnuddīn Cishtī., Devan K̲havājah Mu̒īnuddīn Cishtī. /, 2008
